Stati con più cattedrali al mondo - Statistics

Statistiche generali
  • Questo quiz è stato fatto 56 volte
  • Il punteggio medio è 8 su 11
Statistiche sulle risposte
Numero Stato % Corretto
368 Italia
100%
110 Francia
98%
88 Spagna
94%
215 Stati Uniti
94%
287 Brasile
80%
72 Argentina
76%
100 Messico
64%
79 Canada
58%
86 Colombia
56%
183 India
28%
88 Filippine
18%
Nessun quiz corrispondente trovato
Distribuzione punteggi
Percentuale di utenti per punteggio
Percentile per numero di risposta
I tuoi punteggi nel tempo
Non hai fatto questo quiz